Financing development : (Registro nro. 11947)
[ vista simple ]
| 000 -LEADER | |
|---|---|
| fixed length control field | 01594cam a2200277 a 4500 |
| 003 - CONTROL NUMBER IDENTIFIER | |
| control field | OSt |
| 005 - DATE AND TIME OF LATEST TRANSACTION | |
| control field | 20210719121752.0 |
| 008 - FIXED-LENGTH DATA ELEMENTS--GENERAL INFORMATION | |
| fixed length control field | 040803s2004 dcu b 001 0 eng |
| 020 ## - INTERNATIONAL STANDARD BOOK NUMBER | |
| International Standard Book Number | 0881323535 |
| 040 ## - CATALOGING SOURCE | |
| Original cataloging agency | DLC |
| Transcribing agency | CO-JMCR |
| Modifying agency | DLC |
| 041 0# - LANGUAGE CODE | |
| Language code of text/sound track or separate title | eng |
| 082 00 - DEWEY DECIMAL CLASSIFICATION NUMBER | |
| Classification number | 332.042091724 / |
| Item number | B618f |
| Edition number | 23 |
| 100 1# - MAIN ENTRY--PERSONAL NAME | |
| Personal name | Birdsall, Nancy, |
| Relator term | autora |
| 9 (RLIN) | 38546 |
| 245 00 - TITLE STATEMENT | |
| Title | Financing development : |
| Remainder of title | the power of regionalism / |
| Statement of responsibility, etc. | Nancy Birdsall, Liliana Rojas-Suarez. |
| 260 ## - PUBLICATION, DISTRIBUTION, ETC. | |
| Place of publication, distribution, etc. | Washington, DC : |
| Name of publisher, distributor, etc. | Center for Global Development, |
| Date of publication, distribution, etc. | 2004. |
| 300 ## - PHYSICAL DESCRIPTION | |
| Extent | xii, 240 páginas ; |
| Dimensions | 23 cm. |
| 505 0# - FORMATTED CONTENTS NOTE | |
| Title | Regionalism for Financing Development: The Unexploited Potential. / |
| Statement of responsibility | Nancy Birdsall ; |
| -- | Liliana Rojas-Suarez. -- |
| Title | Regional Banks and Regionalism: A New Frontier for Development Financing |
| Statement of responsibility | Robert Devlin ; |
| -- | Lucio Castro |
| Title | Regional Public Goods: The Comparative Edge of Regional Development Banks. / |
| Statement of responsibility | Marco Ferroni. -- |
| Title | International Standards for Strengthening Financial Systems: Can Regional Development Banks Address Developing Countries' Concerns?. / |
| Statement of responsibility | Liliana Rojas-Suarez. -- |
| Title | Role of Regional Development Banks in Rebuilding the International Financial Architecture. / |
| Statement of responsibility | Manuel Hinds. -- |
| 650 14 - SUBJECT ADDED ENTRY--TOPICAL TERM | |
| Topical term or geographic name entry element | Finance |
| Geographic subdivision | Developing countries. |
| 9 (RLIN) | 38547 |
| 650 24 - SUBJECT ADDED ENTRY--TOPICAL TERM | |
| Topical term or geographic name entry element | Economic development |
| General subdivision | Finance. |
| 9 (RLIN) | 38548 |
| 650 24 - SUBJECT ADDED ENTRY--TOPICAL TERM | |
| Topical term or geographic name entry element | Development banks. |
| 9 (RLIN) | 38549 |
| 650 24 - SUBJECT ADDED ENTRY--TOPICAL TERM | |
| Topical term or geographic name entry element | Regionalism. |
| 9 (RLIN) | 38550 |
| 650 24 - SUBJECT ADDED ENTRY--TOPICAL TERM | |
| Topical term or geographic name entry element | International economic integration. |
| 9 (RLIN) | 38551 |
| 700 1# - ADDED ENTRY--PERSONAL NAME | |
| Personal name | Rojas-Suárez, Liliana. |
| Relator term | editora |
| 9 (RLIN) | 36806 |
| 856 42 - ELECTRONIC LOCATION AND ACCESS | |
| Materials specified | Publisher description |
| Uniform Resource Identifier | <a href="https://www.loc.gov/catdir/enhancements/fy1703/2004057001-d.html">https://www.loc.gov/catdir/enhancements/fy1703/2004057001-d.html</a> |
| 942 ## - ADDED ENTRY ELEMENTS (KOHA) | |
| Source of classification or shelving scheme | Dewey Decimal Classification |
| Koha item type | Books |
| Withdrawn status | Lost status | Source of classification or shelving scheme | Damaged status | Not for loan | Home library | Current library | Shelving location | Date acquired | Source of acquisition | Full call number | Barcode | Date last seen | Copy number | Price effective from | Koha item type |
|---|---|---|---|---|---|---|---|---|---|---|---|---|---|---|---|
| Dewey Decimal Classification | Biblioteca Pública José María del Castillo y Rada | Biblioteca Pública José María del Castillo y Rada | General Stacks | 04/15/2018 | Donación | 332.042091724 / B618f | 430003136 | 05/16/2024 | Ej.1 | 03/10/2021 | Books |